| 000 | 00579nam a22001577a 4500 | ||
|---|---|---|---|
| 020 | _a9788131515365 | ||
| 082 | _a005.1068 | ||
| 100 | _aChemuturi, Murali | ||
| 245 | _aMastering Software Project Management : best practices, tools and techniques | ||
| 260 |
_aNew Delhi _bCengage Learning _c2010 |
||
| 300 |
_axvii, 390 p. _bill. ; |
||
| 500 | _aIncludes index. | ||
| 650 | _a1. Software engineering. 2. Project management -- Computer network resources. 3. Computer software -- Development. 4. Computer software -- Management. | ||
| 700 | _aCagley, Thomas M. | ||
| 942 | _cBK | ||
| 999 |
_c12113 _d12113 |
||